| 000 | 00740nam a2200217Ia 4500 | ||
|---|---|---|---|
| 999 |
_c41159 _d41159 |
||
| 001 | 7809 | ||
| 003 | GE_BSU | ||
| 005 | 20221114145340.0 | ||
| 008 | 181216s2011||||en |||||||||||||| ||eng|| | ||
| 020 | _a9780750665223x | ||
| 040 | _cGE_BSU | ||
| 041 | _aeng | ||
| 080 | _a005+379.85 O-39 | ||
| 100 |
_aOkumus, Fevzi _914797 |
||
| 245 |
_aStrategic Management for Hospitality and Tourism / _cFevzi Okumus, |
||
| 264 |
_aNew York : _bElsevier, _c2011. |
||
| 300 |
_a333p.: _b Ill. ; _c23 cm. |
||
| 653 | _aStrategic Management for Hospitality and Tourism | ||
| 653 | _aსტრატეგიული მენეჯმენტი მასპინძლობისა და ტურიზმისათვის | ||
| 942 |
_cBK _2udc |
||